|
|
|
|
| LEADER |
00000nam0a2200000 4500 |
| 001 |
141118 |
| 005 |
20231101220908.0 |
| 010 |
|
|
|a 9785170456154
|
| 010 |
|
|
|a 978-5-9713-5793-3
|
| 035 |
|
|
|a (RuTPU)RU\TPU\book\152950
|
| 090 |
|
|
|a 141118
|
| 100 |
|
|
|a 20080729d2007 m y0rusy50 ca
|
| 101 |
1 |
|
|a rus
|c eng
|
| 102 |
|
|
|a RU
|
| 105 |
|
|
|a y z 000ay
|
| 200 |
1 |
|
|a Сорвать маску
|e [роман]
|e пер. с англ.
|f С. Шелдон
|
| 210 |
|
|
|a Москва
|c АСТ
|c АСТ Москва
|d 2007
|
| 215 |
|
|
|a 224 с.
|
| 333 |
|
|
|a Исключено из фонда НТБ ТПУ
|
| 700 |
|
1 |
|a Шелдон
|b С.
|c американский писатель
|f 1917-2006
|g Сидни
|9 7390
|
| 801 |
|
1 |
|a RU
|b 63413507
|c 20080729
|g PSBO
|
| 801 |
|
2 |
|a RU
|b 63413507
|c 20220310
|g PSBO
|
| 942 |
|
|
|c BK
|